| 000 | 01533nam a22003497a 4500 | ||
|---|---|---|---|
| 001 | BRCA_9333 | ||
| 003 | FranzMayer | ||
| 005 | 20230918120726.0 | ||
| 008 | 230825b |||||||| |||| 00| 0 eng d | ||
| 020 | _a0965380556 | ||
| 040 |
_aMFM _besp _cMFM |
||
| 050 | 0 |
_aN529.C2 _b.N67 2001 |
|
| 110 | 1 |
_4Responsable _aThe University of North Carolina at Chapel Hill _929167 |
|
| 240 |
_aEuropean Drawings _hfrom the Collection of the Ackland Art Museum _lInglés |
||
| 245 | 0 |
_aEuropean Drawings _bfrom the Collection of the Ackland Art Museum |
|
| 260 |
_aCarolina del Norte, EE. UU. _bThe University of North Carolina at Chapel Hill _c2001 |
||
| 300 |
_a254 p _bIlustraciones a color _c30 cm |
||
| 500 | _aAnexo 1 | ||
| 505 | _aTexto en: inglésIncluye índice temáticoIncluye índice de autoresDirigido a: artistas, museógrafos, historiadores de arte. | ||
| 650 | 1 |
_2Artes visuales _aMuseos y galerias _vExposiciones especiales _929168 |
|
| 651 | 2 |
_2Museos de Estados Unidos de América _aUniversidad de Carolina del Norte Chapel Hill _vAckland Art Museum _929169 |
|
| 700 | 1 |
_4Resp _aGillham, Carol C. _929170 |
|
| 700 | 1 |
_4Resp. _aWood, Carolyn H. _929171 |
|
| 700 | 1 |
_4Cont. _aAllmendiger, Carolyn M. _929172 |
|
| 700 | 1 |
_4Cont. _aBuck, Elizabeth, G. _929173 |
|
| 700 | 1 |
_4Cont. _aClements, Catherine _929174 |
|
| 700 | 1 |
_4Cont. _aKeller-Brown, M. Catherine _929175 |
|
| 700 | 1 |
_4Cont. _aRiggs, Timothy _929176 |
|
| 700 | 1 |
_4Cont. _aSchroder, Anne L. _929177 |
|
| 700 | 1 |
_4Cont. _aYonan, Michael E. _929178 |
|
| 942 |
_2lcc _cB |
||
| 999 |
_c10955 _d10955 |
||